000 00864nam a22002657a 4500
003 CHAP
005 20220329134149.0
008 971013s r 00010 d
010 _a16379
011 _a17351
035 _a21434
040 _cCHAP
100 0 0 _aGuzmán Huerta, Gastón.
_951965
245 _aMacromicetos del estado de Jalisco. I. Consideraciones generales y distribución de las especies conocidas
500 _aSobretiro de : Bol. Soc. Mex. Mic. 7:129-143. 1973
590 _aBATCH-UPD
_b10
_c20130110
_lUCH01
_h2222
590 _aBATCH-UPD
_b10
_c20130410
_lUCH01
_h1520
590 _aBATCH-UPD
_b10
_c20130914
_lUCH01
_h1620
590 _aCONVERSION
_b10
_c20130109
_lUCH01
_h1310
650 1 4 _aHongos
_xJalisco.
_956107
700 0 _aGarcía Saucedo, D. A.
_946623
901 _aBK
942 _cREIMP
949 _bBC
_cR
_d-49966
_eTS1
_i21434
_si
999 _c16379
_d16379